<?xml version="1.0" encoding="UTF-8"?>
<record
    xmlns:xsi="http://www.w3.org/2001/XMLSchema-instance"
    xsi:schemaLocation="http://www.loc.gov/MARC21/slim http://www.loc.gov/standards/marcxml/schema/MARC21slim.xsd"
    xmlns="http://www.loc.gov/MARC21/slim">

  <leader>01145nas a2200289 i 4500</leader>
  <controlfield tag="003">DO-SdBNP</controlfield>
  <controlfield tag="005">20260210075759.0</controlfield>
  <controlfield tag="007">ta</controlfield>
  <controlfield tag="008">110414e2003    dr |  p r    ||00 | spa d</controlfield>
  <datafield tag="022" ind1=" " ind2=" ">
    <subfield code="a">2520-3630</subfield>
  </datafield>
  <datafield tag="040" ind1=" " ind2=" ">
    <subfield code="a">DO-SdBNP</subfield>
    <subfield code="b">spa</subfield>
    <subfield code="c">DO-SdBNP</subfield>
    <subfield code="e">rda</subfield>
  </datafield>
  <datafield tag="041" ind1=" " ind2=" ">
    <subfield code="h">spa</subfield>
  </datafield>
  <datafield tag="110" ind1="2" ind2=" ">
    <subfield code="a">Academia Dominicana de la Lengua</subfield>
    <subfield code="9">53534</subfield>
  </datafield>
  <datafield tag="245" ind1=" " ind2="0">
    <subfield code="a">Academia Dominicana de la Lengua : </subfield>
    <subfield code="b">bolet&#xED;n No. 17 / </subfield>
    <subfield code="c">editor: Bruno Rosario Candelier.</subfield>
  </datafield>
  <datafield tag="264" ind1=" " ind2=" ">
    <subfield code="a">Santo Domingo, Rep&#xFA;blica Dominicana : </subfield>
    <subfield code="b">Academia Dominicana de la Lengua, </subfield>
    <subfield code="c">2004.</subfield>
  </datafield>
  <datafield tag="300" ind1=" " ind2=" ">
    <subfield code="a">volumen ; </subfield>
    <subfield code="c">22 cm.</subfield>
  </datafield>
  <datafield tag="336" ind1=" " ind2=" ">
    <subfield code="a">texto</subfield>
    <subfield code="b">txt </subfield>
    <subfield code="2">rdacontent</subfield>
  </datafield>
  <datafield tag="337" ind1=" " ind2=" ">
    <subfield code="a">sin mediaci&#xF3;n </subfield>
    <subfield code="b">n</subfield>
    <subfield code="2">rdamedia</subfield>
  </datafield>
  <datafield tag="338" ind1=" " ind2=" ">
    <subfield code="a">volumen </subfield>
    <subfield code="b">nc </subfield>
    <subfield code="2">rdacarrier</subfield>
  </datafield>
  <datafield tag="362" ind1=" " ind2=" ">
    <subfield code="a">N&#xFA;mero 17, diciembre 2004.</subfield>
  </datafield>
  <datafield tag="500" ind1=" " ind2=" ">
    <subfield code="a">Bolet&#xED;n de la Academia Dominicana de la Lengua, tercera &#xE9;poca.</subfield>
  </datafield>
  <datafield tag="500" ind1=" " ind2=" ">
    <subfield code="a">Incluye ISSN: 2520-3630. Desde el Bolet&#xED;n No. 32.</subfield>
  </datafield>
  <datafield tag="650" ind1=" " ind2="0">
    <subfield code="a">Academia Dominicana de la Lengua</subfield>
    <subfield code="v">Bolet&#xED;n</subfield>
    <subfield code="v">Publicaciones peri&#xF3;dicas </subfield>
    <subfield code="9">88969</subfield>
  </datafield>
  <datafield tag="650" ind1=" " ind2="0">
    <subfield code="a">Espa&#xF1;ol</subfield>
    <subfield code="x">Publicaciones peri&#xF3;dicas </subfield>
    <subfield code="z">Rep&#xFA;blica Dominicana</subfield>
    <subfield code="9">63749</subfield>
  </datafield>
  <datafield tag="700" ind1="1" ind2=" ">
    <subfield code="a">Rosario Candelier, Bruno,</subfield>
    <subfield code="d">1941-</subfield>
    <subfield code="9">851</subfield>
    <subfield code="e">editor</subfield>
  </datafield>
  <datafield tag="942" ind1=" " ind2=" ">
    <subfield code="2">ddc</subfield>
    <subfield code="c">ISSUE</subfield>
  </datafield>
  <datafield tag="952" ind1=" " ind2=" ">
    <subfield code="0">0</subfield>
    <subfield code="1">0</subfield>
    <subfield code="2">ddc</subfield>
    <subfield code="4">0</subfield>
    <subfield code="5">6</subfield>
    <subfield code="7">0</subfield>
    <subfield code="8">SE</subfield>
    <subfield code="a">BNPHU</subfield>
    <subfield code="b">BNPHU</subfield>
    <subfield code="d">2026-02-09</subfield>
    <subfield code="h">N&#xFA;mero 17, diciembre 2004</subfield>
    <subfield code="l">0</subfield>
    <subfield code="p">2026-0858</subfield>
    <subfield code="r">2026-02-09</subfield>
    <subfield code="t">e.1</subfield>
    <subfield code="w">2026-02-09</subfield>
    <subfield code="y">ISSUE</subfield>
  </datafield>
  <datafield tag="952" ind1=" " ind2=" ">
    <subfield code="0">0</subfield>
    <subfield code="1">0</subfield>
    <subfield code="2">ddc</subfield>
    <subfield code="4">0</subfield>
    <subfield code="5">6</subfield>
    <subfield code="7">0</subfield>
    <subfield code="8">SE</subfield>
    <subfield code="a">BNPHU</subfield>
    <subfield code="b">BNPHU</subfield>
    <subfield code="d">2026-02-09</subfield>
    <subfield code="h">N&#xFA;mero 17, diciembre 2004</subfield>
    <subfield code="l">0</subfield>
    <subfield code="p">2026-0859</subfield>
    <subfield code="r">2026-02-09</subfield>
    <subfield code="t">e.2</subfield>
    <subfield code="w">2026-02-09</subfield>
    <subfield code="y">ISSUE</subfield>
  </datafield>
  <datafield tag="952" ind1=" " ind2=" ">
    <subfield code="0">0</subfield>
    <subfield code="1">0</subfield>
    <subfield code="2">ddc</subfield>
    <subfield code="4">0</subfield>
    <subfield code="5">6</subfield>
    <subfield code="7">0</subfield>
    <subfield code="8">SE</subfield>
    <subfield code="a">BNPHU</subfield>
    <subfield code="b">BNPHU</subfield>
    <subfield code="d">2026-02-09</subfield>
    <subfield code="h">N&#xFA;mero 17, diciembre 2004</subfield>
    <subfield code="l">0</subfield>
    <subfield code="p">2026-0860</subfield>
    <subfield code="r">2026-02-09</subfield>
    <subfield code="t">e.3</subfield>
    <subfield code="w">2026-02-09</subfield>
    <subfield code="y">ISSUE</subfield>
  </datafield>
  <datafield tag="952" ind1=" " ind2=" ">
    <subfield code="0">0</subfield>
    <subfield code="1">0</subfield>
    <subfield code="2">ddc</subfield>
    <subfield code="4">0</subfield>
    <subfield code="5">6</subfield>
    <subfield code="7">0</subfield>
    <subfield code="8">SE</subfield>
    <subfield code="a">BNPHU</subfield>
    <subfield code="b">BNPHU</subfield>
    <subfield code="d">2026-02-09</subfield>
    <subfield code="h">N&#xFA;mero 17, diciembre 2004</subfield>
    <subfield code="l">0</subfield>
    <subfield code="p">2026-0861</subfield>
    <subfield code="r">2026-02-09</subfield>
    <subfield code="t">e.4</subfield>
    <subfield code="w">2026-02-09</subfield>
    <subfield code="y">ISSUE</subfield>
  </datafield>
  <datafield tag="952" ind1=" " ind2=" ">
    <subfield code="0">0</subfield>
    <subfield code="1">0</subfield>
    <subfield code="2">ddc</subfield>
    <subfield code="4">0</subfield>
    <subfield code="5">6</subfield>
    <subfield code="7">0</subfield>
    <subfield code="8">SE</subfield>
    <subfield code="a">BNPHU</subfield>
    <subfield code="b">BNPHU</subfield>
    <subfield code="d">2026-02-09</subfield>
    <subfield code="h">N&#xFA;mero 17, diciembre 2004</subfield>
    <subfield code="l">0</subfield>
    <subfield code="p">2026-0862</subfield>
    <subfield code="r">2026-02-09</subfield>
    <subfield code="t">e.5</subfield>
    <subfield code="w">2026-02-09</subfield>
    <subfield code="y">ISSUE</subfield>
  </datafield>
  <datafield tag="952" ind1=" " ind2=" ">
    <subfield code="0">0</subfield>
    <subfield code="1">0</subfield>
    <subfield code="2">ddc</subfield>
    <subfield code="4">0</subfield>
    <subfield code="5">6</subfield>
    <subfield code="7">0</subfield>
    <subfield code="8">SE</subfield>
    <subfield code="a">BNPHU</subfield>
    <subfield code="b">BNPHU</subfield>
    <subfield code="d">2026-02-09</subfield>
    <subfield code="h">N&#xFA;mero 18, 2006</subfield>
    <subfield code="l">0</subfield>
    <subfield code="p">2026-0863</subfield>
    <subfield code="r">2026-02-09</subfield>
    <subfield code="t">e.1</subfield>
    <subfield code="w">2026-02-09</subfield>
    <subfield code="y">ISSUE</subfield>
  </datafield>
  <datafield tag="952" ind1=" " ind2=" ">
    <subfield code="0">0</subfield>
    <subfield code="1">0</subfield>
    <subfield code="2">ddc</subfield>
    <subfield code="4">0</subfield>
    <subfield code="5">6</subfield>
    <subfield code="7">0</subfield>
    <subfield code="8">SE</subfield>
    <subfield code="a">BNPHU</subfield>
    <subfield code="b">BNPHU</subfield>
    <subfield code="d">2026-02-09</subfield>
    <subfield code="h">N&#xFA;mero 18, 2006</subfield>
    <subfield code="l">0</subfield>
    <subfield code="p">2026-0864</subfield>
    <subfield code="r">2026-02-09</subfield>
    <subfield code="t">e.2</subfield>
    <subfield code="w">2026-02-09</subfield>
    <subfield code="y">ISSUE</subfield>
  </datafield>
  <datafield tag="952" ind1=" " ind2=" ">
    <subfield code="0">0</subfield>
    <subfield code="1">0</subfield>
    <subfield code="2">ddc</subfield>
    <subfield code="4">0</subfield>
    <subfield code="5">6</subfield>
    <subfield code="7">0</subfield>
    <subfield code="8">SE</subfield>
    <subfield code="a">BNPHU</subfield>
    <subfield code="b">BNPHU</subfield>
    <subfield code="d">2026-02-09</subfield>
    <subfield code="h">N&#xFA;mero 18, 2006</subfield>
    <subfield code="l">0</subfield>
    <subfield code="p">2026-0865</subfield>
    <subfield code="r">2026-02-09</subfield>
    <subfield code="t">e.3</subfield>
    <subfield code="w">2026-02-09</subfield>
    <subfield code="y">ISSUE</subfield>
  </datafield>
  <datafield tag="952" ind1=" " ind2=" ">
    <subfield code="0">0</subfield>
    <subfield code="1">0</subfield>
    <subfield code="2">ddc</subfield>
    <subfield code="4">0</subfield>
    <subfield code="5">6</subfield>
    <subfield code="7">0</subfield>
    <subfield code="8">SE</subfield>
    <subfield code="a">BNPHU</subfield>
    <subfield code="b">BNPHU</subfield>
    <subfield code="d">2026-02-09</subfield>
    <subfield code="h">N&#xFA;mero 18, 2006</subfield>
    <subfield code="l">0</subfield>
    <subfield code="p">2026-0866</subfield>
    <subfield code="r">2026-02-09</subfield>
    <subfield code="t">e.4</subfield>
    <subfield code="w">2026-02-09</subfield>
    <subfield code="y">ISSUE</subfield>
  </datafield>
  <datafield tag="952" ind1=" " ind2=" ">
    <subfield code="0">0</subfield>
    <subfield code="1">0</subfield>
    <subfield code="2">ddc</subfield>
    <subfield code="4">0</subfield>
    <subfield code="5">6</subfield>
    <subfield code="7">0</subfield>
    <subfield code="8">SE</subfield>
    <subfield code="a">BNPHU</subfield>
    <subfield code="b">BNPHU</subfield>
    <subfield code="d">2026-02-09</subfield>
    <subfield code="h">N&#xFA;mero 18, 2006</subfield>
    <subfield code="l">0</subfield>
    <subfield code="p">2026-0867</subfield>
    <subfield code="r">2026-02-09</subfield>
    <subfield code="t">e.5</subfield>
    <subfield code="w">2026-02-09</subfield>
    <subfield code="y">ISSUE</subfield>
  </datafield>
  <datafield tag="952" ind1=" " ind2=" ">
    <subfield code="0">0</subfield>
    <subfield code="1">0</subfield>
    <subfield code="2">ddc</subfield>
    <subfield code="4">0</subfield>
    <subfield code="5">6</subfield>
    <subfield code="7">0</subfield>
    <subfield code="8">SE</subfield>
    <subfield code="a">BNPHU</subfield>
    <subfield code="b">BNPHU</subfield>
    <subfield code="d">2026-02-09</subfield>
    <subfield code="h">N&#xFA;mero 19, 2007</subfield>
    <subfield code="l">0</subfield>
    <subfield code="p">2026-0878</subfield>
    <subfield code="r">2026-02-09</subfield>
    <subfield code="t">e.1</subfield>
    <subfield code="w">2026-02-09</subfield>
    <subfield code="y">ISSUE</subfield>
    <subfield code="z">Donado: Biblioteca UNPHU.</subfield>
  </datafield>
  <datafield tag="952" ind1=" " ind2=" ">
    <subfield code="0">0</subfield>
    <subfield code="1">0</subfield>
    <subfield code="2">ddc</subfield>
    <subfield code="4">0</subfield>
    <subfield code="5">6</subfield>
    <subfield code="7">0</subfield>
    <subfield code="8">SE</subfield>
    <subfield code="a">BNPHU</subfield>
    <subfield code="b">BNPHU</subfield>
    <subfield code="d">2026-02-10</subfield>
    <subfield code="h">N&#xFA;mero 20, 2008</subfield>
    <subfield code="l">0</subfield>
    <subfield code="p">2026-0901</subfield>
    <subfield code="r">2026-02-10</subfield>
    <subfield code="t">e.1</subfield>
    <subfield code="w">2026-02-10</subfield>
    <subfield code="y">ISSUE</subfield>
  </datafield>
  <datafield tag="952" ind1=" " ind2=" ">
    <subfield code="0">0</subfield>
    <subfield code="1">0</subfield>
    <subfield code="2">ddc</subfield>
    <subfield code="4">0</subfield>
    <subfield code="5">6</subfield>
    <subfield code="7">0</subfield>
    <subfield code="8">SE</subfield>
    <subfield code="a">BNPHU</subfield>
    <subfield code="b">BNPHU</subfield>
    <subfield code="d">2026-02-10</subfield>
    <subfield code="h">N&#xFA;mero 20, 2008</subfield>
    <subfield code="l">0</subfield>
    <subfield code="p">2026-0902</subfield>
    <subfield code="r">2026-02-10</subfield>
    <subfield code="t">e.2</subfield>
    <subfield code="w">2026-02-10</subfield>
    <subfield code="y">ISSUE</subfield>
  </datafield>
  <datafield tag="952" ind1=" " ind2=" ">
    <subfield code="0">0</subfield>
    <subfield code="1">0</subfield>
    <subfield code="2">ddc</subfield>
    <subfield code="4">0</subfield>
    <subfield code="5">6</subfield>
    <subfield code="7">0</subfield>
    <subfield code="8">SE</subfield>
    <subfield code="a">BNPHU</subfield>
    <subfield code="b">BNPHU</subfield>
    <subfield code="d">2026-02-10</subfield>
    <subfield code="h">N&#xFA;mero 21, 2009</subfield>
    <subfield code="l">0</subfield>
    <subfield code="p">2026-0903</subfield>
    <subfield code="r">2026-02-10</subfield>
    <subfield code="t">e.1</subfield>
    <subfield code="w">2026-02-10</subfield>
    <subfield code="y">ISSUE</subfield>
  </datafield>
  <datafield tag="952" ind1=" " ind2=" ">
    <subfield code="0">0</subfield>
    <subfield code="1">0</subfield>
    <subfield code="2">ddc</subfield>
    <subfield code="4">0</subfield>
    <subfield code="5">6</subfield>
    <subfield code="7">0</subfield>
    <subfield code="8">SE</subfield>
    <subfield code="a">BNPHU</subfield>
    <subfield code="b">BNPHU</subfield>
    <subfield code="d">2026-02-10</subfield>
    <subfield code="h">N&#xFA;mero 21, 2009</subfield>
    <subfield code="l">0</subfield>
    <subfield code="p">2026-0904</subfield>
    <subfield code="r">2026-02-10</subfield>
    <subfield code="t">e.2</subfield>
    <subfield code="w">2026-02-10</subfield>
    <subfield code="y">ISSUE</subfield>
  </datafield>
  <datafield tag="952" ind1=" " ind2=" ">
    <subfield code="0">0</subfield>
    <subfield code="1">0</subfield>
    <subfield code="2">ddc</subfield>
    <subfield code="4">0</subfield>
    <subfield code="5">6</subfield>
    <subfield code="7">0</subfield>
    <subfield code="8">SE</subfield>
    <subfield code="a">BNPHU</subfield>
    <subfield code="b">BNPHU</subfield>
    <subfield code="d">2026-02-10</subfield>
    <subfield code="h">N&#xFA;mero 21, 2009</subfield>
    <subfield code="l">0</subfield>
    <subfield code="p">2026-0905</subfield>
    <subfield code="r">2026-02-10</subfield>
    <subfield code="t">e.3</subfield>
    <subfield code="w">2026-02-10</subfield>
    <subfield code="y">ISSUE</subfield>
  </datafield>
  <datafield tag="952" ind1=" " ind2=" ">
    <subfield code="0">0</subfield>
    <subfield code="1">0</subfield>
    <subfield code="2">ddc</subfield>
    <subfield code="4">0</subfield>
    <subfield code="5">6</subfield>
    <subfield code="7">0</subfield>
    <subfield code="8">SE</subfield>
    <subfield code="a">BNPHU</subfield>
    <subfield code="b">BNPHU</subfield>
    <subfield code="d">2026-02-10</subfield>
    <subfield code="h">N&#xFA;mero 21, 2009</subfield>
    <subfield code="l">0</subfield>
    <subfield code="p">2026-0906</subfield>
    <subfield code="r">2026-02-10</subfield>
    <subfield code="t">e.4</subfield>
    <subfield code="w">2026-02-10</subfield>
    <subfield code="y">ISSUE</subfield>
  </datafield>
  <datafield tag="952" ind1=" " ind2=" ">
    <subfield code="0">0</subfield>
    <subfield code="1">0</subfield>
    <subfield code="2">ddc</subfield>
    <subfield code="4">0</subfield>
    <subfield code="5">6</subfield>
    <subfield code="7">0</subfield>
    <subfield code="8">SE</subfield>
    <subfield code="a">BNPHU</subfield>
    <subfield code="b">BNPHU</subfield>
    <subfield code="d">2026-02-10</subfield>
    <subfield code="h">N&#xFA;mero 22, 2009</subfield>
    <subfield code="l">0</subfield>
    <subfield code="p">2026-0907</subfield>
    <subfield code="r">2026-02-10</subfield>
    <subfield code="t">e.1</subfield>
    <subfield code="w">2026-02-10</subfield>
    <subfield code="y">ISSUE</subfield>
  </datafield>
  <datafield tag="952" ind1=" " ind2=" ">
    <subfield code="0">0</subfield>
    <subfield code="1">0</subfield>
    <subfield code="2">ddc</subfield>
    <subfield code="4">0</subfield>
    <subfield code="5">6</subfield>
    <subfield code="7">0</subfield>
    <subfield code="8">SE</subfield>
    <subfield code="a">BNPHU</subfield>
    <subfield code="b">BNPHU</subfield>
    <subfield code="d">2026-02-10</subfield>
    <subfield code="h">N&#xFA;mero 22, 2010</subfield>
    <subfield code="l">0</subfield>
    <subfield code="p">2026-0908</subfield>
    <subfield code="r">2026-02-10</subfield>
    <subfield code="t">e.2</subfield>
    <subfield code="w">2026-02-10</subfield>
    <subfield code="y">ISSUE</subfield>
  </datafield>
  <datafield tag="952" ind1=" " ind2=" ">
    <subfield code="0">0</subfield>
    <subfield code="1">0</subfield>
    <subfield code="2">ddc</subfield>
    <subfield code="4">0</subfield>
    <subfield code="5">6</subfield>
    <subfield code="7">0</subfield>
    <subfield code="8">SE</subfield>
    <subfield code="a">BNPHU</subfield>
    <subfield code="b">BNPHU</subfield>
    <subfield code="d">2026-02-10</subfield>
    <subfield code="h">N&#xFA;mero 22, 2010</subfield>
    <subfield code="l">0</subfield>
    <subfield code="p">2026-0909</subfield>
    <subfield code="r">2026-02-10</subfield>
    <subfield code="t">e.3</subfield>
    <subfield code="w">2026-02-10</subfield>
    <subfield code="y">ISSUE</subfield>
  </datafield>
  <datafield tag="952" ind1=" " ind2=" ">
    <subfield code="0">0</subfield>
    <subfield code="1">0</subfield>
    <subfield code="2">ddc</subfield>
    <subfield code="4">0</subfield>
    <subfield code="5">6</subfield>
    <subfield code="7">0</subfield>
    <subfield code="8">SE</subfield>
    <subfield code="a">BNPHU</subfield>
    <subfield code="b">BNPHU</subfield>
    <subfield code="d">2026-02-10</subfield>
    <subfield code="h">N&#xFA;mero 23, 2010. Tercera &#xE9;poca</subfield>
    <subfield code="l">0</subfield>
    <subfield code="p">2026-0910</subfield>
    <subfield code="r">2026-02-10</subfield>
    <subfield code="t">e.1</subfield>
    <subfield code="w">2026-02-10</subfield>
    <subfield code="y">ISSUE</subfield>
  </datafield>
  <datafield tag="952" ind1=" " ind2=" ">
    <subfield code="0">0</subfield>
    <subfield code="1">0</subfield>
    <subfield code="2">ddc</subfield>
    <subfield code="4">0</subfield>
    <subfield code="5">6</subfield>
    <subfield code="7">0</subfield>
    <subfield code="8">SE</subfield>
    <subfield code="a">BNPHU</subfield>
    <subfield code="b">BNPHU</subfield>
    <subfield code="d">2026-02-10</subfield>
    <subfield code="h">N&#xFA;mero 24, a&#xF1;o 2011</subfield>
    <subfield code="l">0</subfield>
    <subfield code="p">2026-0911</subfield>
    <subfield code="r">2026-02-10</subfield>
    <subfield code="t">e.1</subfield>
    <subfield code="w">2026-02-10</subfield>
    <subfield code="y">ISSUE</subfield>
  </datafield>
  <datafield tag="952" ind1=" " ind2=" ">
    <subfield code="0">0</subfield>
    <subfield code="1">0</subfield>
    <subfield code="2">ddc</subfield>
    <subfield code="4">0</subfield>
    <subfield code="5">6</subfield>
    <subfield code="7">0</subfield>
    <subfield code="8">SE</subfield>
    <subfield code="a">BNPHU</subfield>
    <subfield code="b">BNPHU</subfield>
    <subfield code="d">2026-02-10</subfield>
    <subfield code="h">N&#xFA;mero 24, a&#xF1;o 2011</subfield>
    <subfield code="l">0</subfield>
    <subfield code="p">2026-0912</subfield>
    <subfield code="r">2026-02-10</subfield>
    <subfield code="t">e.2</subfield>
    <subfield code="w">2026-02-10</subfield>
    <subfield code="y">ISSUE</subfield>
  </datafield>
  <datafield tag="952" ind1=" " ind2=" ">
    <subfield code="0">0</subfield>
    <subfield code="1">0</subfield>
    <subfield code="2">ddc</subfield>
    <subfield code="4">0</subfield>
    <subfield code="5">6</subfield>
    <subfield code="7">0</subfield>
    <subfield code="8">SE</subfield>
    <subfield code="a">BNPHU</subfield>
    <subfield code="b">BNPHU</subfield>
    <subfield code="d">2026-02-10</subfield>
    <subfield code="h">N&#xFA;mero 24, a&#xF1;o 2011</subfield>
    <subfield code="l">0</subfield>
    <subfield code="p">2026-0913</subfield>
    <subfield code="r">2026-02-10</subfield>
    <subfield code="t">e.3</subfield>
    <subfield code="w">2026-02-10</subfield>
    <subfield code="y">ISSUE</subfield>
  </datafield>
  <datafield tag="952" ind1=" " ind2=" ">
    <subfield code="0">0</subfield>
    <subfield code="1">0</subfield>
    <subfield code="2">ddc</subfield>
    <subfield code="4">0</subfield>
    <subfield code="5">6</subfield>
    <subfield code="7">0</subfield>
    <subfield code="8">SE</subfield>
    <subfield code="a">BNPHU</subfield>
    <subfield code="b">BNPHU</subfield>
    <subfield code="d">2026-02-10</subfield>
    <subfield code="h">N&#xFA;mero 25, a&#xF1;o 2011. Tercera &#xE9;poca</subfield>
    <subfield code="l">0</subfield>
    <subfield code="p">2026-0915</subfield>
    <subfield code="r">2026-02-10</subfield>
    <subfield code="t">e.1</subfield>
    <subfield code="w">2026-02-10</subfield>
    <subfield code="y">ISSUE</subfield>
  </datafield>
  <datafield tag="952" ind1=" " ind2=" ">
    <subfield code="0">0</subfield>
    <subfield code="1">0</subfield>
    <subfield code="2">ddc</subfield>
    <subfield code="4">0</subfield>
    <subfield code="5">6</subfield>
    <subfield code="7">0</subfield>
    <subfield code="8">SE</subfield>
    <subfield code="a">BNPHU</subfield>
    <subfield code="b">BNPHU</subfield>
    <subfield code="d">2026-02-10</subfield>
    <subfield code="h">N&#xFA;mero 25, a&#xF1;o 2011. Tercera &#xE9;poca</subfield>
    <subfield code="l">0</subfield>
    <subfield code="p">2026-0916</subfield>
    <subfield code="r">2026-02-10</subfield>
    <subfield code="t">e.2</subfield>
    <subfield code="w">2026-02-10</subfield>
    <subfield code="y">ISSUE</subfield>
  </datafield>
  <datafield tag="952" ind1=" " ind2=" ">
    <subfield code="0">0</subfield>
    <subfield code="1">0</subfield>
    <subfield code="2">ddc</subfield>
    <subfield code="4">0</subfield>
    <subfield code="5">6</subfield>
    <subfield code="7">0</subfield>
    <subfield code="8">SE</subfield>
    <subfield code="a">BNPHU</subfield>
    <subfield code="b">BNPHU</subfield>
    <subfield code="d">2026-02-10</subfield>
    <subfield code="h">N&#xFA;mero 25, a&#xF1;o 2011. Tercera &#xE9;poca</subfield>
    <subfield code="l">0</subfield>
    <subfield code="p">2026-0917</subfield>
    <subfield code="r">2026-02-10</subfield>
    <subfield code="t">e.3</subfield>
    <subfield code="w">2026-02-10</subfield>
    <subfield code="y">ISSUE</subfield>
  </datafield>
  <datafield tag="952" ind1=" " ind2=" ">
    <subfield code="0">0</subfield>
    <subfield code="1">0</subfield>
    <subfield code="2">ddc</subfield>
    <subfield code="4">0</subfield>
    <subfield code="5">6</subfield>
    <subfield code="7">0</subfield>
    <subfield code="8">SE</subfield>
    <subfield code="a">BNPHU</subfield>
    <subfield code="b">BNPHU</subfield>
    <subfield code="d">2026-02-10</subfield>
    <subfield code="h">N&#xFA;mero 26, a&#xF1;o 2012 </subfield>
    <subfield code="l">0</subfield>
    <subfield code="p">2026-0919</subfield>
    <subfield code="r">2026-02-10</subfield>
    <subfield code="t">e.1</subfield>
    <subfield code="w">2026-02-10</subfield>
    <subfield code="y">ISSUE</subfield>
    <subfield code="z">Fundaci&#xF3;n Guzm&#xE1;n Ariza.</subfield>
  </datafield>
  <datafield tag="952" ind1=" " ind2=" ">
    <subfield code="0">0</subfield>
    <subfield code="1">0</subfield>
    <subfield code="2">ddc</subfield>
    <subfield code="4">0</subfield>
    <subfield code="5">6</subfield>
    <subfield code="7">0</subfield>
    <subfield code="8">SE</subfield>
    <subfield code="a">BNPHU</subfield>
    <subfield code="b">BNPHU</subfield>
    <subfield code="d">2026-02-10</subfield>
    <subfield code="h">N&#xFA;mero 27, a&#xF1;o 2013</subfield>
    <subfield code="l">0</subfield>
    <subfield code="p">2026-0920</subfield>
    <subfield code="r">2026-02-10</subfield>
    <subfield code="t">e.1</subfield>
    <subfield code="w">2026-02-10</subfield>
    <subfield code="y">ISSUE</subfield>
  </datafield>
  <datafield tag="952" ind1=" " ind2=" ">
    <subfield code="0">0</subfield>
    <subfield code="1">0</subfield>
    <subfield code="2">ddc</subfield>
    <subfield code="4">0</subfield>
    <subfield code="5">6</subfield>
    <subfield code="7">0</subfield>
    <subfield code="8">SE</subfield>
    <subfield code="a">BNPHU</subfield>
    <subfield code="b">BNPHU</subfield>
    <subfield code="d">2026-02-10</subfield>
    <subfield code="h">N&#xFA;mero 27, a&#xF1;o 2013</subfield>
    <subfield code="l">0</subfield>
    <subfield code="p">2026-0921</subfield>
    <subfield code="r">2026-02-10</subfield>
    <subfield code="t">e.2</subfield>
    <subfield code="w">2026-02-10</subfield>
    <subfield code="y">ISSUE</subfield>
  </datafield>
  <datafield tag="952" ind1=" " ind2=" ">
    <subfield code="0">0</subfield>
    <subfield code="1">0</subfield>
    <subfield code="2">ddc</subfield>
    <subfield code="4">0</subfield>
    <subfield code="5">6</subfield>
    <subfield code="7">0</subfield>
    <subfield code="8">SE</subfield>
    <subfield code="a">BNPHU</subfield>
    <subfield code="b">BNPHU</subfield>
    <subfield code="d">2026-02-10</subfield>
    <subfield code="h">N&#xFA;mero 27, a&#xF1;o 2013</subfield>
    <subfield code="l">0</subfield>
    <subfield code="p">2026-0922</subfield>
    <subfield code="r">2026-02-10</subfield>
    <subfield code="t">e.3</subfield>
    <subfield code="w">2026-02-10</subfield>
    <subfield code="y">ISSUE</subfield>
  </datafield>
  <datafield tag="952" ind1=" " ind2=" ">
    <subfield code="0">0</subfield>
    <subfield code="1">0</subfield>
    <subfield code="2">ddc</subfield>
    <subfield code="4">0</subfield>
    <subfield code="5">6</subfield>
    <subfield code="7">0</subfield>
    <subfield code="8">SE</subfield>
    <subfield code="a">BNPHU</subfield>
    <subfield code="b">BNPHU</subfield>
    <subfield code="d">2026-02-10</subfield>
    <subfield code="h">N&#xFA;mero 31, a&#xF1;o 2015</subfield>
    <subfield code="l">0</subfield>
    <subfield code="p">2026-0923</subfield>
    <subfield code="r">2026-02-10</subfield>
    <subfield code="t">e.1</subfield>
    <subfield code="w">2026-02-10</subfield>
    <subfield code="y">ISSUE</subfield>
  </datafield>
  <datafield tag="952" ind1=" " ind2=" ">
    <subfield code="0">0</subfield>
    <subfield code="1">0</subfield>
    <subfield code="2">ddc</subfield>
    <subfield code="4">0</subfield>
    <subfield code="5">6</subfield>
    <subfield code="7">0</subfield>
    <subfield code="8">SE</subfield>
    <subfield code="a">BNPHU</subfield>
    <subfield code="b">BNPHU</subfield>
    <subfield code="d">2026-02-10</subfield>
    <subfield code="h">N&#xFA;mero 31, a&#xF1;o 2015</subfield>
    <subfield code="l">0</subfield>
    <subfield code="p">2026-0924</subfield>
    <subfield code="r">2026-02-10</subfield>
    <subfield code="t">e.2</subfield>
    <subfield code="w">2026-02-10</subfield>
    <subfield code="y">ISSUE</subfield>
  </datafield>
  <datafield tag="952" ind1=" " ind2=" ">
    <subfield code="0">0</subfield>
    <subfield code="1">0</subfield>
    <subfield code="2">ddc</subfield>
    <subfield code="4">0</subfield>
    <subfield code="5">6</subfield>
    <subfield code="7">0</subfield>
    <subfield code="8">SE</subfield>
    <subfield code="a">BNPHU</subfield>
    <subfield code="b">BNPHU</subfield>
    <subfield code="d">2026-02-10</subfield>
    <subfield code="h">N&#xFA;mero 31, a&#xF1;o 2015</subfield>
    <subfield code="l">0</subfield>
    <subfield code="p">2026-0925</subfield>
    <subfield code="r">2026-02-10</subfield>
    <subfield code="t">e.3</subfield>
    <subfield code="w">2026-02-10</subfield>
    <subfield code="y">ISSUE</subfield>
  </datafield>
  <datafield tag="952" ind1=" " ind2=" ">
    <subfield code="0">0</subfield>
    <subfield code="1">0</subfield>
    <subfield code="2">ddc</subfield>
    <subfield code="4">0</subfield>
    <subfield code="5">6</subfield>
    <subfield code="7">0</subfield>
    <subfield code="8">SE</subfield>
    <subfield code="a">BNPHU</subfield>
    <subfield code="b">BNPHU</subfield>
    <subfield code="d">2026-02-10</subfield>
    <subfield code="h">N&#xFA;mero 32, a&#xF1;o 2016</subfield>
    <subfield code="l">0</subfield>
    <subfield code="p">2026-0926</subfield>
    <subfield code="r">2026-02-10</subfield>
    <subfield code="t">e.1</subfield>
    <subfield code="w">2026-02-10</subfield>
    <subfield code="y">ISSUE</subfield>
  </datafield>
  <datafield tag="952" ind1=" " ind2=" ">
    <subfield code="0">0</subfield>
    <subfield code="1">0</subfield>
    <subfield code="2">ddc</subfield>
    <subfield code="4">0</subfield>
    <subfield code="5">6</subfield>
    <subfield code="7">0</subfield>
    <subfield code="8">SE</subfield>
    <subfield code="a">BNPHU</subfield>
    <subfield code="b">BNPHU</subfield>
    <subfield code="d">2026-02-10</subfield>
    <subfield code="h">N&#xFA;mero 32, a&#xF1;o 2016</subfield>
    <subfield code="l">0</subfield>
    <subfield code="p">2026-0927</subfield>
    <subfield code="r">2026-02-10</subfield>
    <subfield code="t">e.2</subfield>
    <subfield code="w">2026-02-10</subfield>
    <subfield code="y">ISSUE</subfield>
  </datafield>
  <datafield tag="952" ind1=" " ind2=" ">
    <subfield code="0">0</subfield>
    <subfield code="1">0</subfield>
    <subfield code="2">ddc</subfield>
    <subfield code="4">0</subfield>
    <subfield code="5">6</subfield>
    <subfield code="7">0</subfield>
    <subfield code="8">SE</subfield>
    <subfield code="a">BNPHU</subfield>
    <subfield code="b">BNPHU</subfield>
    <subfield code="d">2026-02-10</subfield>
    <subfield code="h">N&#xFA;mero 32, a&#xF1;o 2016</subfield>
    <subfield code="l">0</subfield>
    <subfield code="p">2026-0928</subfield>
    <subfield code="r">2026-02-10</subfield>
    <subfield code="t">e.3</subfield>
    <subfield code="w">2026-02-10</subfield>
    <subfield code="y">ISSUE</subfield>
  </datafield>
  <datafield tag="999" ind1=" " ind2=" ">
    <subfield code="c">28722</subfield>
    <subfield code="d">28722</subfield>
  </datafield>
</record>
